[Event "DEM U10 2025"]
[Site "Willingen GER"]
[Date "2025.06.13"]
[Round "8"]
[White "Durst, Lorenz"]
[Black "Mudriievskyi, Jan"]
[Result "0-1"]
[Termination "normal"]
[Board "9"]
[WhiteElo "1429"]
[BlackElo "1670"]
[WhiteClock "00:50:00"]
[BlackClock "00:34:06"]
[PlyCount "68"]
[WhiteFideId "533043493"]
[BlackFideId "34676473"]
[EventCountry "GER"]
[EventRounds "9"]
[EventType "swiss"]
[EventDate "2025.06.07"]

1. e4 {[%clk 01:30:58]} {[%emt 00:00:01]} c5 {[%clk 01:30:43]} {[%emt
00:00:17]} 2. Nf3 {[%clk 01:31:05]} {[%emt 00:00:23]} e6 {[%clk 01:29:32]}
{[%emt 00:01:42]} 3. c3 {[%clk 01:30:19]} {[%emt 00:01:16]} Nf6 {[%clk
01:28:16]} {[%emt 00:01:46]} 4. e5 {[%clk 01:29:06]} {[%emt 00:01:43]} Nd5
{[%clk 01:28:32]} {[%emt 00:00:14]} 5. d4 {[%clk 01:28:22]} {[%emt 00:01:14]}
cxd4 {[%clk 01:27:56]} {[%emt 00:01:06]} 6. cxd4 {[%clk 01:28:17]} {[%emt
00:00:35]} d6 {[%clk 01:26:42]} {[%emt 00:01:44]} 7. Bc4 {[%clk 01:25:39]}
{[%emt 00:03:08]} Nb6 {[%clk 01:24:52]} {[%emt 00:02:18]} 8. Bb3 {[%clk
01:24:37]} {[%emt 00:01:34]} Nc6 {[%clk 01:22:48]} 9. O-O {[%clk 01:22:24]}
{[%emt 00:05:14]} Be7 {[%clk 01:21:39]} 10. Nc3 {[%clk 01:22:11]} {[%emt
00:02:24]} dxe5 {[%clk 01:19:35]} 11. dxe5 {[%clk 01:21:06]} {[%emt 00:04:10]}
O-O {[%clk 01:17:45]} 12. Be3 {[%clk 01:17:56]} {[%emt 00:05:59]} Na5 {[%clk
01:15:35]} {[%emt 00:02:40]} 13. Qxd8 {[%clk 01:14:38]} {[%emt 00:03:48]} Bxd8
{[%clk 01:15:07]} {[%emt 00:00:58]} 14. Bc2 {[%clk 01:14:16]} {[%emt 00:00:52]}
Bd7 {[%clk 01:08:14]} {[%emt 00:07:23]} 15. b3 {[%clk 01:10:54]} {[%emt
00:03:53]} Rc8 {[%clk 01:06:05]} {[%emt 00:02:39]} 16. Bd4 {[%clk 01:10:03]}
{[%emt 00:01:21]} Nd5 {[%clk 01:03:33]} {[%emt 00:03:02]} 17. Nxd5 {[%clk
01:08:31]} {[%emt 00:02:00]} Rxc2 {[%emt 00:00:39]} 18. Ne3 {[%clk 01:07:06]}
{[%emt 00:01:53]} Rc8 {[%clk 01:02:32]} {[%emt 00:01:25]} 19. Rac1 {[%clk
01:05:35]} {[%emt 00:02:01]} b6 {[%clk 00:56:19]} {[%emt 00:06:43]} 20. Rxc8
{[%clk 01:05:02]} {[%emt 00:01:03]} Bxc8 {[%clk 00:56:14]} {[%emt 00:00:35]}
21. Rc1 {[%clk 01:01:32]} {[%emt 00:04:00]} Bb7 {[%clk 00:55:22]} {[%emt
00:01:23]} 22. Nd2 {[%clk 00:59:59]} {[%emt 00:02:03]} Nc6 {[%clk 00:53:38]}
23. Bc3 {[%clk 00:56:51]} {[%emt 00:05:52]} Bc7 {[%clk 00:51:42]} 24. f4 {[%clk
00:55:55]} {[%emt 00:03:51]} Rd8 {[%clk 00:47:21]} 25. Nf3 {[%clk 00:54:09]}
{[%emt 00:07:08]} b5 {[%clk 00:46:01]} 26. Rd1 {[%clk 00:53:16]} {[%emt
00:03:13]} Rxd1+ {[%clk 00:43:53]} 27. Nxd1 {[%clk 00:53:06]} {[%emt 00:03:18]}
Bb6+ {[%clk 00:43:33]} 28. Nf2 {[%clk 00:53:18]} {[%emt 00:01:07]} b4 {[%clk
00:42:59]} 29. Bb2 {[%clk 00:53:21]} {[%emt 00:01:31]} Be3 {[%clk 00:40:51]}
30. g3 {[%clk 00:51:23]} {[%emt 00:05:07]} Ne7 {[%clk 00:40:19]} {[%emt
00:01:01]} 31. Ne1 {[%clk 00:51:21]} {[%emt 00:00:33]} Nd5 {[%clk 00:39:12]}
{[%emt 00:01:37]} 32. Nc2 {[%clk 00:51:20]} {[%emt 00:00:31]} Bb6 {[%clk
00:36:31]} {[%emt 00:03:10]} 33. a3 {[%clk 00:50:16]} {[%emt 00:01:36]} Nc3
{[%clk 00:34:19]} {[%emt 00:02:44]} 34. axb4 {[%clk 00:50:00]} {[%emt
00:00:47]} Bxf2+ {[%clk 00:34:06]} {[%emt 00:00:42]} 0-1

[Event "DEM U10 2025"]
[Site "Willingen GER"]
[Date "2025.06.13"]
[Round "8"]
[White "Schröder, Liam"]
[Black "Stopp, Bruno"]
[Result "0-1"]
[Termination "normal"]
[Board "10"]
[WhiteElo "1537"]
[BlackElo "1519"]
[WhiteClock "00:51:01"]
[BlackClock "00:15:16"]
[PlyCount "131"]
[WhiteFideId "34651020"]
[BlackFideId "34640347"]
[EventCountry "GER"]
[EventRounds "9"]
[EventType "swiss"]
[EventDate "2025.06.07"]

1. e4 {[%clk 01:30:59]} e5 {[%clk 01:30:52]} {[%emt 00:00:08]} 2. f4 {[%clk
01:28:22]} {[%emt 00:03:07]} d5 {[%clk 01:31:15]} {[%emt 00:00:08]} 3. exd5
{[%clk 01:28:46]} {[%emt 00:00:06]} exf4 {[%clk 01:31:39]} {[%emt 00:00:06]} 4.
Nc3 {[%clk 01:28:58]} {[%emt 00:00:18]} Qh4+ {[%clk 01:32:03]} {[%emt
00:00:06]} 5. Ke2 {[%clk 01:28:21]} {[%emt 00:01:06]} Bg4+ {[%clk 01:31:20]}
{[%emt 00:01:13]} 6. Nf3 {[%clk 01:28:37]} {[%emt 00:00:13]} Bd6 {[%clk
01:30:52]} {[%emt 00:00:59]} 7. d3 {[%clk 01:27:36]} {[%emt 00:01:30]} Ne7
{[%clk 01:30:23]} {[%emt 00:01:00]} 8. Kd2 {[%clk 01:27:37]} {[%emt 00:00:29]}
Qh5 {[%clk 01:25:35]} {[%emt 00:05:18]} 9. Be2 {[%clk 01:27:39]} {[%emt
00:00:26]} O-O {[%clk 01:25:11]} {[%emt 00:00:56]} 10. h3 {[%clk 01:27:17]}
{[%emt 00:00:50]} Bd7 {[%clk 01:20:05]} {[%emt 00:05:38]} 11. Nd4 {[%clk
01:22:07]} {[%emt 00:05:38]} Qh6 {[%clk 01:09:30]} {[%emt 00:11:07]} 12. Nf3
{[%clk 01:22:04]} {[%emt 00:00:31]} Nf5 {[%clk 01:09:16]} {[%emt 00:00:47]} 13.
Ke1 {[%clk 01:14:33]} {[%emt 00:07:59]} Re8 {[%clk 01:07:53]} {[%emt 00:01:54]}
14. Kf2 {[%clk 01:14:00]} {[%emt 00:01:02]} Qg6 {[%clk 01:07:04]} {[%emt
00:01:20]} 15. Ne4 {[%clk 01:13:01]} {[%emt 00:01:28]} Ne3 {[%clk 00:48:48]}
{[%emt 00:18:48]} 16. Bxe3 {[%clk 01:11:46]} {[%emt 00:01:43]} fxe3+ {[%clk
00:49:12]} {[%emt 00:00:08]} 17. Kf1 {[%clk 01:10:34]} {[%emt 00:01:39]} f5
{[%clk 00:44:42]} {[%emt 00:05:02]} 18. Nxd6 {[%clk 01:07:15]} {[%emt
00:03:48]} Qxd6 {[%clk 00:44:57]} {[%emt 00:00:15]} 19. c4 {[%clk 01:06:47]}
{[%emt 00:00:59]} c6 {[%clk 00:44:37]} {[%emt 00:00:51]} 20. dxc6 {[%clk
01:05:46]} {[%emt 00:01:30]} Nxc6 {[%clk 00:44:56]} {[%emt 00:00:12]} 21. Qb3
{[%clk 01:05:51]} {[%emt 00:00:23]} Qg3 {[%clk 00:44:45]} {[%emt 00:00:42]} 22.
Kg1 {[%clk 01:05:01]} {[%emt 00:01:19]} Qf2+ {[%clk 00:44:44]} {[%emt
00:00:31]} 23. Kh2 {[%clk 01:05:23]} {[%emt 00:00:08]} Qxe2 {[%clk 00:44:32]}
{[%emt 00:00:43]} 24. Rae1 {[%clk 01:04:58]} {[%emt 00:00:54]} Qf2 {[%clk
00:35:31]} {[%emt 00:09:31]} 25. Rhf1 {[%clk 01:05:01]} {[%emt 00:00:27]} Nd4
{[%clk 00:35:50]} {[%emt 00:00:11]} 26. Nxd4 {[%clk 01:03:54]} {[%emt
00:01:36]} Qh4 {[%clk 00:35:16]} {[%emt 00:01:05]} 27. Nf3 {[%clk 01:03:38]}
{[%emt 00:00:43]} Qf4+ {[%clk 00:34:04]} {[%emt 00:01:44]} 28. Kg1 {[%clk
01:01:02]} {[%emt 00:03:07]} Qc7 {[%clk 00:30:20]} {[%emt 00:04:14]} 29. Ng5
{[%clk 00:57:25]} {[%emt 00:04:05]} Qb6 {[%clk 00:28:27]} {[%emt 00:02:23]} 30.
Qxb6 {[%clk 00:57:07]} {[%emt 00:00:50]} axb6 {[%clk 00:28:50]} {[%emt
00:00:06]} 31. a3 {[%clk 00:57:17]} {[%emt 00:00:21]} h6 {[%clk 00:27:12]}
{[%emt 00:02:08]} 32. Nf3 {[%clk 00:57:37]} {[%emt 00:00:11]} f4 {[%clk
00:26:28]} {[%emt 00:01:15]} 33. Nd4 {[%clk 00:56:32]} {[%emt 00:01:35]} g5
{[%clk 00:26:26]} {[%emt 00:00:32]} 34. Kh2 {[%clk 00:53:35]} {[%emt 00:03:27]}
Rad8 {[%clk 00:25:09]} {[%emt 00:01:47]} 35. Nc2 {[%clk 00:53:09]} {[%emt
00:00:55]} Bf5 {[%clk 00:23:15]} {[%emt 00:02:25]} 36. Nb4 {[%clk 00:53:07]}
{[%emt 00:00:31]} Bxd3 {[%clk 00:23:14]} {[%emt 00:00:31]} 37. Nxd3 {[%clk
00:53:22]} {[%emt 00:00:16]} Rxd3 {[%clk 00:23:33]} {[%emt 00:00:10]} 38. Re2
{[%emt 00:01:55]} Red8 {[%clk 00:21:07]} {[%emt 00:01:59]} 39. Kg1 {[%clk
00:50:33]} {[%emt 00:02:50]} Rd2 {[%clk 00:21:14]} {[%emt 00:00:24]} 40. Rfe1
{[%clk 00:48:23]} {[%emt 00:02:39]} Rxe2 {[%clk 00:20:33]} {[%emt 00:01:12]}
41. Rxe2 {[%clk 00:48:17]} {[%emt 00:00:34]} Rd1+ {[%clk 00:20:59]} {[%emt
00:00:06]} 42. Kh2 {[%clk 00:48:32]} {[%emt 00:00:14]} Rd2 {[%clk 00:21:26]}
{[%emt 00:00:04]} 43. Re1 {[%clk 00:48:47]} {[%emt 00:00:15]} Rxb2 {[%clk
00:21:48]} {[%emt 00:00:08]} 44. Rd1 {[%clk 00:48:53]} {[%emt 00:00:24]} Rd2
{[%clk 00:21:30]} {[%emt 00:00:48]} 45. Rb1 {[%clk 00:49:05]} {[%emt 00:00:18]}
Rd6 {[%clk 00:20:20]} {[%emt 00:01:39]} 46. Kg1 {[%clk 00:49:16]} {[%emt
00:00:19]} Kf7 {[%clk 00:20:25]} {[%emt 00:00:25]} 47. c5 {[%clk 00:49:36]}
{[%emt 00:00:12]} bxc5 {[%clk 00:20:42]} {[%emt 00:00:13]} 48. Rxb7+ {[%clk
00:50:01]} {[%emt 00:00:04]} Ke6 {[%clk 00:21:00]} {[%emt 00:00:12]} 49. Rb1
{[%clk 00:50:21]} {[%emt 00:00:10]} Ra6 {[%clk 00:20:42]} {[%emt 00:00:48]} 50.
Kf1 {[%clk 00:50:22]} {[%emt 00:00:29]} Rxa3 {[%clk 00:20:06]} {[%emt
00:01:07]} 51. Rb6+ {[%clk 00:50:46]} {[%emt 00:00:05]} Ke5 {[%clk 00:20:27]}
{[%emt 00:00:10]} 52. Rxh6 {[%clk 00:51:12]} {[%emt 00:00:03]} Ra1+ {[%clk
00:20:48]} {[%emt 00:00:11]} 53. Ke2 {[%clk 00:51:34]} {[%emt 00:00:07]} Ra2+
{[%clk 00:21:15]} {[%emt 00:00:04]} 54. Kf1 {[%clk 00:51:47]} {[%emt 00:00:17]}
c4 {[%clk 00:21:34]} {[%emt 00:00:11]} 55. Rc6 {[%clk 00:52:05]} {[%emt
00:00:11]} Kd4 {[%clk 00:21:05]} {[%emt 00:00:59]} 56. Rd6+ {[%clk 00:52:28]}
{[%emt 00:00:07]} Ke4 {[%clk 00:18:34]} {[%emt 00:03:00]} 57. Re6+ {[%clk
00:51:42]} {[%emt 00:01:18]} Kd3 {[%clk 00:16:54]} {[%emt 00:02:09]} 58. Rd6+
{[%clk 00:52:04]} {[%emt 00:00:08]} Kc3 {[%clk 00:16:42]} {[%emt 00:00:43]} 59.
Rg6 {[%clk 00:52:00]} {[%emt 00:00:33]} Ra5 {[%clk 00:14:49]} {[%emt 00:02:23]}
60. Re6 {[%clk 00:50:22]} {[%emt 00:02:08]} Rd5 {[%clk 00:14:55]} {[%emt
00:00:25]} 61. Ra6 {[%clk 00:50:19]} {[%emt 00:00:31]} Kd3 {[%clk 00:14:53]}
{[%emt 00:00:33]} 62. Ra1 {[%clk 00:50:19]} {[%emt 00:00:29]} c3 {[%clk
00:14:44]} {[%emt 00:00:40]} 63. Rd1+ {[%clk 00:50:40]} {[%emt 00:00:09]} Kc4
{[%clk 00:14:35]} {[%emt 00:00:37]} 64. Ra1 {[%clk 00:50:45]} {[%emt 00:00:28]}
c2 {[%clk 00:14:53]} {[%emt 00:00:13]} 65. Ra4+ {[%clk 00:51:01]} {[%emt
00:00:14]} Kb3 {[%clk 00:15:16]} {[%emt 00:00:07]} 66. Rxf4 {[%emt 00:00:04]}
0-1

[Event "DEM U10 2025"]
[Site "Willingen GER"]
[Date "2025.06.13"]
[Round "8"]
[White "Taube, Moritz"]
[Black "Ni, Wilhelm Zeyin"]
[Result "0-1"]
[Termination "normal"]
[Board "11"]
[WhiteElo "1246"]
[BlackElo "1654"]
[WhiteClock "00:28:38"]
[BlackClock "01:03:48"]
[PlyCount "120"]
[WhiteFideId "34696830"]
[BlackFideId "34675337"]
[EventCountry "GER"]
[EventRounds "9"]
[EventType "swiss"]
[EventDate "2025.06.07"]

1. e4 {[%clk 01:30:58]} {[%emt 00:00:01]} c5 {[%clk 01:30:57]} {[%emt
00:00:04]} 2. Nf3 {[%clk 01:31:14]} {[%emt 00:00:14]} d6 {[%clk 01:24:56]}
{[%emt 00:06:31]} 3. d4 {[%clk 01:31:36]} {[%emt 00:00:08]} cxd4 {[%clk
01:25:22]} {[%emt 00:00:04]} 4. Nxd4 {[%clk 01:31:58]} {[%emt 00:00:07]} Nf6
{[%clk 01:25:46]} {[%emt 00:00:07]} 5. Nc3 {[%clk 01:32:18]} {[%emt 00:00:10]}
g6 {[%clk 01:26:11]} {[%emt 00:00:05]} 6. Bc4 {[%clk 01:32:29]} {[%emt
00:00:18]} Bg7 {[%clk 01:26:21]} {[%emt 00:00:20]} 7. Be3 {[%clk 01:32:48]}
{[%emt 00:00:10]} O-O {[%clk 01:26:24]} {[%emt 00:00:28]} 8. Qd2 {[%clk
01:33:12]} {[%emt 00:00:07]} Ng4 {[%clk 01:22:39]} {[%emt 00:04:15]} 9. O-O-O
{[%clk 01:32:59]} {[%emt 00:00:43]} Nxe3 {[%clk 01:22:53]} {[%emt 00:00:16]}
10. Qxe3 {[%clk 01:33:14]} {[%emt 00:00:14]} Nc6 {[%clk 01:23:05]} {[%emt
00:00:19]} 11. Nxc6 {[%clk 01:32:49]} {[%emt 00:00:55]} bxc6 {[%clk 01:23:27]}
{[%emt 00:00:09]} 12. h4 {[%clk 01:33:05]} {[%emt 00:00:13]} h5 {[%clk
01:23:20]} {[%emt 00:00:38]} 13. f3 {[%clk 01:32:53]} {[%emt 00:00:41]} Qa5
{[%clk 01:22:01]} {[%emt 00:01:50]} 14. Rd3 {[%clk 01:31:28]} {[%emt 00:01:54]}
Rb8 {[%clk 01:17:54]} {[%emt 00:04:38]} 15. Rg1 {[%clk 01:26:45]} {[%emt
00:05:12]} Qb4 {[%clk 01:15:12]} {[%emt 00:03:13]} 16. Bb3 {[%clk 01:26:29]}
{[%emt 00:00:46]} Ba6 {[%clk 01:11:43]} {[%emt 00:03:59]} 17. Rd2 {[%clk
01:20:46]} {[%emt 00:06:13]} Bc4 {[%clk 01:03:12]} {[%emt 00:09:01]} 18. a3
{[%clk 01:19:44]} {[%emt 00:01:32]} Qb7 {[%clk 01:03:35]} {[%emt 00:00:07]} 19.
g4 {[%clk 01:17:31]} {[%emt 00:02:42]} hxg4 {[%clk 01:02:36]} {[%emt 00:01:30]}
20. Rxg4 {[%clk 01:16:49]} {[%emt 00:01:12]} Bxb3 {[%clk 01:02:58]} {[%emt
00:00:08]} 21. h5 {[%clk 01:15:44]} {[%emt 00:01:34]} Be6 {[%clk 01:02:49]}
{[%emt 00:00:40]} 22. b4 {[%clk 01:03:37]} {[%emt 00:12:36]} Bxg4 {[%clk
01:02:49]} {[%emt 00:00:30]} 23. fxg4 {[%clk 01:03:56]} {[%emt 00:00:10]} a5
{[%clk 01:01:01]} {[%emt 00:02:19]} 24. h6 {[%clk 00:55:30]} {[%emt 00:08:55]}
Be5 {[%clk 01:00:58]} {[%emt 00:00:34]} 25. h7+ {[%clk 00:48:18]} {[%emt
00:07:41]} Kh8 {[%clk 01:00:13]} {[%emt 00:01:16]} 26. Na2 {[%clk 00:44:00]}
{[%emt 00:04:47]} axb4 {[%clk 00:59:21]} {[%emt 00:01:23]} 27. axb4 {[%clk
00:43:38]} {[%emt 00:00:52]} Qa6 {[%clk 00:59:35]} {[%emt 00:00:16]} 28. c3
{[%clk 00:42:52]} {[%emt 00:01:16]} Qf1+ {[%clk 00:59:26]} {[%emt 00:00:39]}
29. Kb2 {[%clk 00:40:13]} {[%emt 00:03:08]} Bf4 {[%clk 00:58:33]} {[%emt
00:01:24]} 30. Qd4+ {[%clk 00:39:07]} {[%emt 00:00:35]} e5 {[%clk 00:58:23]}
{[%emt 00:01:41]} 31. Qxd6 {[%clk 00:39:11]} {[%emt 00:00:25]} Bxd2 {[%clk
00:58:41]} {[%emt 00:00:13]} 32. Qxc6 {[%clk 00:39:21]} {[%emt 00:00:19]} Qf2
{[%clk 00:57:43]} {[%emt 00:01:28]} 33. Kb3 {[%clk 00:39:14]} {[%emt 00:00:37]}
Qb6 {[%clk 00:57:31]} {[%emt 00:00:42]} 34. Qd5 {[%clk 00:35:04]} {[%emt
00:04:39]} Qe6 {[%clk 00:57:52]} {[%emt 00:00:10]} 35. c4 {[%clk 00:35:21]}
{[%emt 00:00:12]} Qxd5 {[%clk 00:58:05]} {[%emt 00:00:19]} 36. cxd5 {[%clk
00:35:22]} {[%emt 00:00:29]} Kxh7 {[%clk 00:57:52]} {[%emt 00:00:43]} 37. Kc4
{[%clk 00:35:26]} {[%emt 00:00:25]} Rfc8+ {[%clk 00:58:11]} {[%emt 00:00:12]}
38. Kb3 {[%clk 00:35:33]} {[%emt 00:00:22]} Ra8 {[%clk 00:58:15]} {[%emt
00:00:27]} 39. b5 {[%clk 00:35:14]} {[%emt 00:00:49]} Rxa2 {[%clk 00:58:24]}
{[%emt 00:00:22]} 40. Kxa2 {[%clk 00:35:33]} {[%emt 00:00:10]} Rb8 {[%clk
00:58:36]} {[%emt 00:00:18]} 41. Kb3 {[%clk 00:34:40]} {[%emt 00:01:24]} Rxb5+
{[%clk 00:58:33]} {[%emt 00:00:34]} 42. Kc4 {[%clk 00:34:55]} {[%emt 00:00:14]}
Rb8 {[%clk 00:58:48]} {[%emt 00:00:15]} 43. Kc5 {[%clk 00:34:59]} {[%emt
00:00:27]} Ba5 {[%clk 00:58:35]} {[%emt 00:00:43]} 44. d6 {[%clk 00:34:57]}
{[%emt 00:00:30]} Rb4 {[%clk 00:58:38]} {[%emt 00:00:28]} 45. Kd5 {[%clk
00:34:59]} {[%emt 00:00:28]} f6 {[%clk 00:58:57]} {[%emt 00:00:11]} 46. d7
{[%clk 00:34:03]} {[%emt 00:01:18]} Kh6 {[%clk 00:59:21]} {[%emt 00:00:14]} 47.
Ke6 {[%clk 00:32:35]} {[%emt 00:01:58]} Kg5 {[%clk 00:59:14]} {[%emt 00:00:37]}
48. d8=Q {[%emt 00:00:55]} Bxd8 {[%emt 00:00:13]} 49. Kd5 {[%clk 00:31:35]}
{[%emt 00:00:22]} Kxg4 {[%clk 00:59:36]} {[%emt 00:00:08]} 50. Kc5 {[%clk
00:31:57]} {[%emt 00:00:07]} Rxe4 {[%clk 01:00:00]} {[%emt 00:00:06]} 51. Kd5
{[%clk 00:32:22]} {[%emt 00:00:05]} Rd4+ {[%clk 01:00:22]} {[%emt 00:00:09]}
52. Ke6 {[%clk 00:32:43]} {[%emt 00:00:08]} f5 {[%clk 01:00:45]} {[%emt
00:00:07]} 53. Kxe5 {[%clk 00:32:48]} {[%emt 00:00:25]} Bb6 {[%clk 01:01:06]}
{[%emt 00:00:10]} 54. Kf6 {[%clk 00:33:02]} {[%emt 00:00:16]} f4 {[%clk
01:01:29]} {[%emt 00:00:07]} 55. Kxg6 {[%clk 00:33:18]} {[%emt 00:00:13]} f3
{[%clk 01:01:52]} {[%emt 00:00:08]} 56. Kf6 {[%clk 00:33:16]} {[%emt 00:00:31]}
f2 {[%clk 01:02:16]} {[%emt 00:00:07]} 57. Kg6 {[%clk 00:33:33]} {[%emt
00:00:13]} f1=Q {[%clk 01:02:39]} {[%emt 00:00:07]} 58. Kg7 {[%clk 00:32:53]}
{[%emt 00:00:53]} Rd7+ {[%clk 01:03:01]} {[%emt 00:00:25]} 59. Kg8 {[%clk
00:28:28]} {[%emt 00:04:55]} Qf7+ {[%clk 01:03:24]} {[%emt 00:00:07]} 60. Kh8
{[%clk 00:28:38]} {[%emt 00:00:20]} Qh7# {[%clk 01:03:48]} {[%emt 00:00:06]}
0-1

[Event "DEM U10 2025"]
[Site "Willingen GER"]
[Date "2025.06.13"]
[Round "8"]
[White "von Gehlen, Elian"]
[Black "Al Luwaisi, Taim"]
[Result "0-1"]
[Termination "normal"]
[Board "12"]
[WhiteElo "1548"]
[BlackElo "1694"]
[WhiteClock "00:53:44"]
[BlackClock "01:08:31"]
[PlyCount "108"]
[WhiteFideId "34651560"]
[BlackFideId "34645896"]
[EventCountry "GER"]
[EventRounds "9"]
[EventType "swiss"]
[EventDate "2025.06.07"]

1. e4 {[%clk 01:30:47]} {[%emt 00:00:12]} e6 {[%clk 01:30:56]} {[%emt
00:00:05]} 2. d4 {[%clk 01:30:42]} {[%emt 00:00:35]} d5 {[%clk 01:31:09]}
{[%emt 00:00:17]} 3. Nc3 {[%clk 01:30:24]} {[%emt 00:00:47]} Nc6 {[%clk
01:27:00]} {[%emt 00:04:40]} 4. e5 {[%clk 01:28:50]} {[%emt 00:02:04]} Nge7
{[%clk 01:27:13]} {[%emt 00:00:17]} 5. f4 {[%clk 01:24:07]} {[%emt 00:05:12]}
Nf5 {[%clk 01:24:07]} {[%emt 00:03:36]} 6. Nf3 {[%clk 01:22:03]} {[%emt
00:02:34]} Be7 {[%clk 01:23:39]} {[%emt 00:00:59]} 7. Bd3 {[%clk 01:20:28]}
{[%emt 00:02:04]} Ncxd4 {[%clk 01:22:28]} {[%emt 00:01:41]} 8. Nxd4 {[%clk
01:19:59]} {[%emt 00:00:59]} Nxd4 {[%clk 01:22:46]} {[%emt 00:00:12]} 9. Bxh7
{[%clk 01:17:51]} {[%emt 00:02:37]} Rxh7 {[%clk 01:23:12]} {[%emt 00:00:05]}
10. Qxd4 {[%clk 01:17:53]} {[%emt 00:00:29]} Bh4+ {[%clk 01:22:15]} {[%emt
00:01:26]} 11. Ke2 {[%clk 01:17:03]} {[%emt 00:01:20]} b6 {[%clk 01:16:36]}
{[%emt 00:06:10]} 12. Qd3 {[%clk 01:16:03]} {[%emt 00:01:30]} Rh8 {[%clk
01:16:25]} {[%emt 00:00:40]} 13. g3 {[%clk 01:15:29]} {[%emt 00:01:03]} Be7
{[%clk 01:15:49]} {[%emt 00:01:07]} 14. Be3 {[%clk 01:11:05]} {[%emt 00:04:52]}
c5 {[%clk 01:16:07]} {[%emt 00:00:14]} 15. Bf2 {[%clk 01:10:53]} {[%emt
00:00:40]} d4 {[%clk 01:15:55]} {[%emt 00:00:45]} 16. Ne4 {[%clk 01:08:56]}
{[%emt 00:02:26]} Bb7 {[%clk 01:15:49]} {[%emt 00:00:36]} 17. Qf3 {[%clk
01:06:43]} {[%emt 00:02:43]} Qd7 {[%clk 01:09:33]} {[%emt 00:06:47]} 18. Rad1
{[%clk 01:05:16]} {[%emt 00:01:54]} O-O-O {[%clk 01:08:49]} {[%emt 00:01:16]}
19. Qd3 {[%clk 01:03:38]} {[%emt 00:02:08]} Kb8 {[%clk 01:03:51]} {[%emt
00:05:28]} 20. h4 {[%clk 01:00:19]} {[%emt 00:03:49]} c4 {[%clk 01:02:06]}
{[%emt 00:02:16]} 21. Qf3 {[%clk 00:59:39]} {[%emt 00:01:09]} d3+ {[%clk
01:02:28]} {[%emt 00:00:09]} 22. cxd3 {[%clk 00:58:42]} {[%emt 00:01:26]} cxd3+
{[%clk 01:02:51]} {[%emt 00:00:07]} 23. Kd2 {[%clk 00:57:13]} {[%emt 00:01:58]}
Qc6 {[%clk 01:01:51]} {[%emt 00:01:31]} 24. Rc1 {[%clk 00:52:29]} {[%emt
00:05:15]} Qxe4 {[%clk 01:01:46]} {[%emt 00:00:35]} 25. Qxe4 {[%clk 00:52:51]}
{[%emt 00:00:06]} Bxe4 {[%clk 01:02:12]} {[%emt 00:00:05]} 26. Rhe1 {[%clk
00:52:58]} {[%emt 00:00:22]} Bb4+ {[%clk 01:02:31]} {[%emt 00:00:13]} 27. Ke3
{[%clk 00:53:00]} {[%emt 00:00:26]} Bxe1 {[%clk 01:02:24]} {[%emt 00:00:39]}
28. Rxe1 {[%clk 00:53:22]} {[%emt 00:00:07]} d2 {[%clk 01:02:03]} {[%emt
00:00:51]} 29. Rd1 {[%clk 00:53:37]} {[%emt 00:00:13]} Bc2 {[%clk 01:02:26]}
{[%emt 00:00:09]} 30. Rxd2 {[%clk 00:54:00]} {[%emt 00:00:07]} Rxd2 {[%clk
01:02:52]} {[%emt 00:00:04]} 31. Kxd2 {[%clk 00:54:21]} {[%emt 00:00:08]} Bf5
{[%clk 01:03:14]} {[%emt 00:00:09]} 32. Bd4 {[%clk 00:54:11]} {[%emt 00:00:40]}
Rd8 {[%clk 01:03:34]} {[%emt 00:00:10]} 33. Ke3 {[%clk 00:54:33]} {[%emt
00:00:06]} Kc7 {[%clk 01:03:58]} {[%emt 00:00:08]} 34. Bc3 {[%clk 00:54:58]}
{[%emt 00:00:05]} Kc6 {[%clk 01:04:22]} {[%emt 00:00:06]} 35. Kf3 {[%clk
00:55:19]} {[%emt 00:00:09]} Kc5 {[%clk 01:04:37]} {[%emt 00:00:16]} 36. g4
{[%clk 00:55:39]} {[%emt 00:00:09]} Bh7 {[%clk 01:04:50]} {[%emt 00:00:18]} 37.
g5 {[%clk 00:56:02]} {[%emt 00:00:07]} Bg6 {[%clk 01:05:03]} {[%emt 00:00:17]}
38. Kg4 {[%clk 00:56:25]} {[%emt 00:00:06]} Bf5+ {[%clk 01:05:13]} {[%emt
00:00:19]} 39. Kg3 {[%clk 00:56:34]} {[%emt 00:00:21]} g6 {[%clk 01:05:32]}
{[%emt 00:00:12]} 40. a3 {[%clk 00:56:46]} {[%emt 00:00:17]} Rd3+ {[%clk
01:05:20]} {[%emt 00:00:42]} 41. Kg2 {[%clk 00:56:54]} {[%emt 00:00:21]} Rh3
{[%clk 01:05:43]} {[%emt 00:00:08]} 42. Be1 {[%clk 00:57:18]} {[%emt 00:00:06]}
Kc4 {[%clk 01:06:03]} {[%emt 00:00:10]} 43. b4 {[%clk 00:52:22]} {[%emt
00:05:26]} Kb3 {[%clk 01:06:16]} {[%emt 00:00:18]} 44. Kf2 {[%clk 00:52:38]}
{[%emt 00:00:11]} Kxa3 {[%clk 01:06:39]} {[%emt 00:00:08]} 45. Ke2 {[%clk
00:52:32]} {[%emt 00:00:36]} Kb3 {[%clk 01:06:15]} {[%emt 00:00:54]} 46. Kf2
{[%clk 00:52:02]} {[%emt 00:00:59]} Rxh4 {[%clk 01:06:24]} {[%emt 00:00:21]}
47. Ke3 {[%clk 00:52:13]} {[%emt 00:00:18]} Rh3 {[%clk 01:06:31]} {[%emt
00:00:24]} 48. Ke2 {[%clk 00:52:32]} {[%emt 00:00:10]} Kc2 {[%clk 01:06:49]}
{[%emt 00:00:13]} 49. Kf2 {[%clk 00:52:37]} {[%emt 00:00:25]} Kd1 {[%clk
01:07:13]} {[%emt 00:00:06]} 50. b5 {[%clk 00:52:48]} {[%emt 00:00:18]} Bg4
{[%clk 01:07:12]} {[%emt 00:00:32]} 51. Bb4 {[%clk 00:53:05]} {[%emt 00:00:13]}
Rf3+ {[%clk 01:07:26]} {[%emt 00:00:16]} 52. Kg2 {[%clk 00:53:17]} {[%emt
00:00:17]} Ke2 {[%clk 01:07:52]} {[%emt 00:00:06]} 53. Kh2 {[%clk 00:53:27]}
{[%emt 00:00:17]} Kf1 {[%clk 01:08:06]} {[%emt 00:00:18]} 54. Be1 {[%clk
00:53:44]} {[%emt 00:00:13]} Rh3+ {[%clk 01:08:31]} {[%emt 00:00:04]} 0-1